[Event "SVK-ch U08"]
[Site "Liptovsky Mikulas"]
[Date "2019.04.24"]
[Round "2"]
[White "Sun, Martin"]
[Black "Tkac, Alex"]
[Result "1-0"]
[WhiteElo "1034"]
[BlackElo "1000"]
[PlyCount "65"]
[EventDate "2019.04.23"]
[EventType "tourn"]
[EventRounds "9"]
[EventCountry "SVK"]
[SourceTitle "CBM 190 Extra"]
[Source "ChessBase"]
[SourceDate "2019.07.15"]
[SourceVersion "1"]
[SourceVersionDate "2019.07.15"]
[SourceQuality "1"]

1. e4 e5 2. Nf3 Nc6 3. Nc3 Nf6 4. Bb5 Nxe4 5. Nxe4 d5 6. Nc3 e4 7. Bxc6+ bxc6 8. Nd4 Bc5 9. Nxc6 Qd6 10. Na5 Bb4 11. Nb3 Bxc3 12. dxc3 0-0 13. 0-0 Re8 14. Re1 Ba6 15. Be3 Re6 16. Re2 Rg6 17. Rd2 Re8 18. Bxa7 Rh6 19. h3 Ra8 20. Be3 Bc4 21. Bxh6 gxh6 22. Rd4 Bxb3 23. cxb3 c5 24. Rd2 f5 25. c4 dxc4 26. Rxd6 cxb3 27. axb3 Rxa1 28. Qxa1 Kf7 29. Qa7+ Ke8 30. Qc7 Kf8 31. Qd8+ Kf7 32. Qc7+ Ke8 33. Rd8# 1-0